Statistics for Double Digit Tension Board 1 Boulders

Click here to take the quiz!

General Stats

  • This quiz has been taken 12 times
  • The average score is 12 of 25

Answer Stats

Answer% Correct
SBTF
100%
Hungry Like The Wolf
90%
Jeph Loeb
90%
Kitten Paws
80%
Floater
60%
1 hop, 2 hop
50%
Big Chungus
50%
Boss Up
50%
FORGET
50%
Kamikaze Lightning
50%
Lifeproof
50%
Main Squeeze
50%
Migos
50%
Bad Egg
40%
Breaking Badder
40%
Crooth Smiminal
40%
Executioner Wasp
40%
fitness gram pacer test
40%
Going Bad
40%
Lucifer
40%
Schlong slick dong
40%
McJorgeson Royale
30%
Scheibenwischer
30%
Heart Break City
20%
Never Let Go
20%

Score Distribution

Percentile by Number Answered

Percent of People with Each Score

Your Score History

You have not taken this quiz